Kluby LaLigi - Nagła Śmierć - Poziom łatwy - Statystyki

Ogólne statystyki
  • Ten quiz został rozwiązany 532 razy
  • Średni wynik to 10 z 20
Answers on the Grid
Answers color-coded by a green-red scale on the quiz's grid according to % correct below.
Ath. Bilbao
Atletico Madryt
Bayern Monachium
BVB
Cadiz
Celta
D. Alaves
Espanyol
FCB
Frankfurt
Getafe
Girona FC
Granada
Las Palmas
Lech Poznań
Lechia Gdańsk
Leganes
Mallorca
Osasuna
PSG
Rayo Valecano
Real Betis
Real Madryt
Real Sociedad
Sevilla
Shaktar Donietsk
Southampton
Valencia
Valladolid
Villarreal
 
Statystyki odpowiedzi
Odpowiedź % Poprawnych
Ath. Bilbao
92%
Atletico Madryt
91%
Espanyol
56%
Celta
54%
Girona FC
48%
Getafe
47%
FCB
46%
Real Madryt
46%
Valencia
46%
Villarreal
46%
Real Sociedad
45%
Sevilla
45%
D. Alaves
44%
Real Betis
44%
Rayo Valecano
43%
Las Palmas
41%
Mallorca
40%
Valladolid
37%
Osasuna
36%
Leganes
33%
Nie znaleziono quizów pasujących do podanych kryteriów
Rozkład punktacji
Procent ludzi z każdym wynikiem
Percentyl według liczby udzielonych odpowiedzi
Twoja historia wyników
Nie rozwiązałeś tego quizu